|
|
|
|
| LEADER |
00000nam0a2200000 4500 |
| 001 |
262915 |
| 005 |
20231101233709.0 |
| 010 |
|
|
|a 5750700089
|
| 035 |
|
|
|a (RuTPU)RU\TPU\book\285899
|
| 090 |
|
|
|a 262915
|
| 100 |
|
|
|a 20140604d1988 m y0rusy50 ca
|
| 101 |
0 |
|
|a rus
|
| 102 |
|
|
|a RU
|
| 105 |
|
|
|a a j 001zy
|
| 200 |
1 |
|
|a Механика грунтов
|e учебное пособие для вузов
|f В. М. Гороховский
|g Ростовский государственный университет
|
| 210 |
|
|
|a Ростов-на-Дону
|c Изд-во Ростовского ун-та
|d 1988
|
| 215 |
|
|
|a 160 с.
|c ил.
|
| 320 |
|
|
|a Библиогр.: с. 158.
|
| 606 |
1 |
|
|a Механика грунтов
|2 stltpush
|3 (RuTPU)RU\TPU\subj\43563
|9 63050
|
| 610 |
1 |
|
|a грунтоведение
|
| 610 |
1 |
|
|a грунты
|
| 610 |
1 |
|
|a массивы
|
| 610 |
1 |
|
|a напряжения
|
| 610 |
1 |
|
|a распределение
|
| 610 |
1 |
|
|a фундаменты
|
| 610 |
1 |
|
|a основания
|
| 610 |
1 |
|
|a осадка
|
| 610 |
1 |
|
|a устойчивость
|
| 610 |
1 |
|
|a оценка
|
| 610 |
1 |
|
|a численные методы
|
| 610 |
1 |
|
|a учебные пособия
|
| 675 |
|
|
|a 624.131(075.8)
|v 3
|
| 700 |
|
1 |
|a Гороховский
|b В. М.
|g Викентий Михайлович
|
| 712 |
0 |
2 |
|a Ростовский государственный университет
|2 stltpush
|3 (RuTPU)RU\TPU\col\3289
|
| 801 |
|
1 |
|a RU
|b 63413507
|c 20140604
|
| 801 |
|
2 |
|a RU
|b 63413507
|c 20150511
|g RCR
|
| 942 |
|
|
|c BK
|